000 00537nam a2200181Ia 4500
005 20250923144646.0
008 008 250917s9999 xx 000 0 eng d
037 _aTextual
040 _aDSWL
_beng
_cDSWL
041 _aeng
_2eng
084 _aL7:4:691, H1
_qDSWL
100 _aHinsie, Leland E.
_9827088
245 0 _aVisual outline of psychiatry
_cby Leland E.Hinsie
260 _aLondon
_bOxford University Press
_c1941
300 _av,107p.
942 _cTEXL
_hL7:4:691, H1
999 _c1441720
_d1441720